Sogno e sessualita'

Kaydedildi:
Detaylı Bibliyografya
Yazar: De Becker Raymond
Materyal Türü: Kitap
Dil:Bilinmeyen Dil
Baskı/Yayın Bilgisi: Milano Zephyro 2000
Etiketler: Etiketle
Etiket eklenmemiş, İlk siz ekleyin!

MARC

LEADER 00000nam a2200000Ia 4500
001 471
003 NUMERAZIONE-ORIGINALE-BRESCIA
005 20260206230753.0
008 260206s9999 xx 000 0 und d
100 |a De Becker Raymond 
245 0 |a Sogno e sessualita' 
260 |a Milano 
260 |b Zephyro 
260 |c 2000 
500 |a Alla ricerca delle radici sessuali della mente 
500 |a Anima & Spirito 
942 |2 ddc  |c BK  |n 0 
952 |0 0  |1 0  |2 ddc  |4 0  |6 15  |7 0  |9 28598  |a BS  |b BS  |d 2026-02-06  |i 471  |l 0  |o 1-5-  |r 2026-02-06 22:40:38  |w 2026-02-06  |x [REVISIONARE]  |y BK 
999 |c 24257  |d 24257